Pinóquio (Registo nº 1811)

Detalhes MARC
000 -Etiqueta do registo
Cabeçalho 00637nam a22002531 4500
005 - Identificador da versão
Campo de controlo 20240813121916.0
021 ## - Número do Depósito Legal
Código do país PT
100 ## - Dados gerais de processamento
Dados gerais de processamento 20070511d1982 cd y0pory5003 ba
102 ## - Pais de publicação ou produção
País de publicação Portugal
101 1# - Língua de publicação
Língua do texto, banda sonora, etc. Português
106 ## - Campo de dados codificados: material textual
Dados codificados do material textual r
105 ## - Campo de dados codificados: livros
Dados codificados dos livros a t 000ay
215 ## - Descrição física 
Indicação específica da natureza do documento e extensão da espécie [32] p.
Outras indicações físicas todo il.
Dimensões 30 cm
200 1# - Titulo e menção de responsabilidade
Título próprio Pinóquio
Primeira menção de responsabilidade adapt. e il. Beaumont
225 2# - Colecção 
Título próprio da colecção Turquesa
210 ## - Publicação, Distribuição, etc. 
Lugar da edição, distribuição, etc. Porto
Nome do editor, distribuidor, etc. Edinter
Data da publicação, distribuição, etc. 1982
606 ## - Nome comum usado como assunto
Número de registo de entrada de autoridade 0000243
Palavra de ordem Literatura estrangeira infantil
Subdivisão de assunto Banda desenhada
675 ## - Classificação Decimal Universal (CDU)
Notação 82-9
Edição
Língua da edição por
700 #1 - Nome de autor-pessoa física (responsabilidade principal)
Número de registo de entrada de autoridade 0000246
Palavra de ordem Beaumont
942 ## - Elementos de entrada adicionados (Koha)
Tipo de item no Koha Livro
Exemplares
Situação do levantamento Origin of item (home branch) (coded) Biblioteca de empréstimo Código de barras Cota Circulation type (not for loan) Tipo de documento Nota do exemplar Damaged status
  Biblioteca Escolar da Coca Maravilhas Biblioteca Escolar da Coca Maravilhas BECM4474/99 8BD PIN   Livro Sem mensagem